Idempotent algebras and symmetry

The quasivariety consisting of all the algebras of a given type that can be embedded as a subalgebra into some algebra which has a transitive automorphism group contains the variety of all idempotent algebras of the given type: every idempotent algebra B can be embedded as a retract into an algebra...

Teljes leírás

Elmentve itt :
Bibliográfiai részletek
Szerző: Pastijn Francis J.
Dokumentumtípus: Cikk
Megjelent: Bolyai Institute, University of Szeged Szeged 2014
Sorozat:Acta scientiarum mathematicarum 80 No. 3-4
Kulcsszavak:Matematika, Algebra
Tárgyszavak:
mtmt:http://dx.doi.org/10.14232/actasm-013-271-3
Online Access:http://acta.bibl.u-szeged.hu/34833
LEADER 01328nab a2200229 i 4500
001 acta34833
005 20260305144431.0
008 161017s2014 hu o 000 eng d
022 |a 0001-6969 
024 7 |a http://dx.doi.org/10.14232/actasm-013-271-3  |2 doi 
040 |a SZTE Egyetemi Kiadványok Repozitórium  |b hun 
041 |a eng 
100 1 |a Pastijn Francis J. 
245 1 0 |a Idempotent algebras and symmetry  |h [elektronikus dokumentum] /  |c  Pastijn Francis J. 
260 |a Bolyai Institute, University of Szeged  |b Szeged  |c 2014 
300 |a 399-407 
490 0 |a Acta scientiarum mathematicarum  |v 80 No. 3-4 
520 3 |a The quasivariety consisting of all the algebras of a given type that can be embedded as a subalgebra into some algebra which has a transitive automorphism group contains the variety of all idempotent algebras of the given type: every idempotent algebra B can be embedded as a retract into an algebra which has a transitive automorphism group and which is simultaneously a subdirect power of B and a direct limit of powers of B. This result applies in particular to lattices, bands, Steiner quasigroups and so on. 
650 4 |a Természettudományok 
650 4 |a Matematika 
695 |a Matematika, Algebra 
856 4 0 |u http://acta.bibl.u-szeged.hu/34833/1/math_080_numb_003_004_399-407.pdf  |z Dokumentum-elérés